[Event "CZE-chT2B 1112"]
[Site "Czech Republic"]
[Date "2011.11.20"]
[Round "3.5"]
[White "Ungr, Daniel"]
[Black "Vales, Vaclav"]
[Result "0-1"]
[WhiteElo "2116"]
[BlackElo "2203"]
[PlyCount "34"]
[EventDate "2011.10.09"]
[EventType "team-tourn"]
[EventRounds "11"]
[EventCountry "CZE"]
[SourceTitle "EXT 2013"]
[Source "ChessBase"]
[SourceDate "2012.11.22"]
[SourceVersion "1"]
[SourceVersionDate "2012.11.22"]
[SourceQuality "1"]
[WhiteTeam "Sokolov"]
[BlackTeam "Decin"]
[WhiteTeamCountry "CZE"]
[BlackTeamCountry "CZE"]

1. Nf3 d5 2. d4 Nf6 3. c4 c6 4. Nc3 e6 5. Bg5 h6 6. Bh4 dxc4 7. e4 g5 8. Bg3 b5 9. Be5 Nbd7 10. d5 cxd5 11. exd5 Nxe5 12. Nxe5 Nxd5 13. Qf3 Qc7 14. Nxd5 Qxe5+ 15. Ne3 Bb4+ 16. Kd1 Qxb2 17. Nc2 Bb7 0-1

[Event "CZE-chT2B 1011"]
[Site "Czech Republic"]
[Date "2011.01.23"]
[Round "6.7"]
[White "Ungr, Daniel"]
[Black "Krajic, Karel"]
[Result "1/2-1/2"]
[WhiteElo "2105"]
[BlackElo "2075"]
[PlyCount "92"]
[EventDate "2010.10.17"]
[EventType "team-tourn"]
[EventRounds "11"]
[EventCountry "CZE"]
[SourceTitle "EXT 2012"]
[Source "ChessBase"]
[SourceDate "2011.11.24"]
[SourceVersion "1"]
[SourceVersionDate "2011.11.24"]
[SourceQuality "1"]
[WhiteTeam "Sokolov"]
[BlackTeam "Marty Most"]
[WhiteTeamCountry "CZE"]
[BlackTeamCountry "CZE"]

1. d4 d5 2. c4 e6 3. Nf3 Nf6 4. Nc3 c6 5. Bg5 Be7 6. Qc2 Nbd7 7. e3 h6 8. Bh4 0-0 9. Be2 dxc4 10. Bxc4 Nd5 11. Bxe7 Qxe7 12. a3 Re8 13. 0-0 Nxc3 14. Qxc3 e5 15. dxe5 Nxe5 16. Nxe5 Qxe5 17. Qb3 Qe7 18. a4 Bf5 19. e4 Bxe4 20. Rae1 Qc7 21. Re3 Bf5 22. Rfe1 Rxe3 23. Qxe3 b6 24. h3 Rd8 25. g4 Bg6 26. f4 Bc2 27. b3 Kf8 28. f5 Qd7 29. f6 Qd4 30. Qxd4 Rxd4 31. fxg7+ Kxg7 32. Re7 Rf4 33. Rxa7 b5 34. axb5 cxb5 35. Bd5 Bg6 36. Rb7 Bd3 37. Kh2 Rf6 38. Kg3 Kg6 39. h4 Rf1 40. Rd7 Bc2 41. b4 f5 42. Rd6+ Kg7 43. g5 hxg5 44. hxg5 Rg1+ 45. Kf4 Rg4+ 46. Ke5 Rxg5 1/2-1/2

[Event "CZE-chT2b 0607"]
[Site "Czech Republic"]
[Date "2006.11.05"]
[Round "2"]
[White "Loucek, Vlastimil"]
[Black "Ungr, Daniel"]
[Result "1-0"]
[WhiteElo "2240"]
[BlackElo "2160"]
[PlyCount "55"]
[EventDate "2006.10.15"]
[EventType "team"]
[EventRounds "11"]
[EventCountry "CZE"]
[SourceTitle "EXT 2009"]
[Source "ChessBase"]
[SourceDate "2008.11.26"]
[SourceVersion "1"]
[SourceVersionDate "2008.11.26"]
[SourceQuality "1"]

1. e4 e5 2. Nc3 Nf6 3. g3 d5 4. exd5 Nxd5 5. Bg2 Nxc3 6. bxc3 Bc5 7. Qh5 0-0 8. Nf3 f6 9. d4 g6 10. Qh4 exd4 11. 0-0 Nc6 12. Rd1 Bf5 13. Bh6 Bxc2 14. Bxf8 Qxf8 15. Rd2 g5 16. Qg4 d3 17. h4 h6 18. hxg5 hxg5 19. Nxg5 fxg5 20. Qxg5+ Qg7 21. Qxc5 Qe5 22. Qxe5 Nxe5 23. Re1 Re8 24. Re4 Kf8 25. f4 Nd7 26. Rxe8+ Kxe8 27. Kf2 Nc5 28. Ke3 1-0

[Event "CZE-chT2a 0405"]
[Site "Czech Republic"]
[Date "2005.02.20"]
[Round "8.1"]
[White "Taborsky, Rostislav"]
[Black "Ungr, Daniel"]
[Result "1-0"]
[WhiteElo "2281"]
[BlackElo "2143"]
[PlyCount "123"]
[EventDate "2004.10.17"]
[EventType "team"]
[EventRounds "11"]
[EventCountry "CZE"]
[SourceTitle "EXT 2007"]
[Source "ChessBase"]
[SourceDate "2006.11.23"]
[SourceVersion "1"]
[SourceVersionDate "2006.11.23"]
[SourceQuality "1"]
[WhiteTeam "Zizkov"]
[BlackTeam "Habartov"]
[WhiteTeamCountry "CZE"]
[BlackTeamCountry "CZE"]

1. d4 Nf6 2. c4 e5 3. dxe5 Ne4 4. Nf3 Nc6 5. e3 Bb4+ 6. Bd2 Nxd2 7. Nbxd2 Qe7 8. Be2 Nxe5 9. 0-0 Bxd2 10. Qxd2 d6 11. Rac1 0-0 12. Rfd1 Bf5 13. c5 Rad8 14. cxd6 Rxd6 15. Rxc7 Qxc7 16. Qxd6 Qxd6 17. Rxd6 Nxf3+ 18. Bxf3 Rc8 19. g4 Be6 20. Bxb7 Rc1+ 21. Kg2 g5 22. Bf3 Rc2 23. Ra6 Rxb2 24. a3 Kg7 25. Rxa7 Ra2 26. a4 h6 27. a5 Bc4 28. Rc7 Be6 29. Rc5 Ra4 30. h3 Kf6 31. Bb7 Ke7 32. a6 Kd6 33. Rc6+ Kd7 34. Rc1 Kd6 35. Rc6+ Kd7 36. Rc3 Kd6 37. Kg3 Ra2 38. f4 Bd7 39. Rd3+ Ke7 40. Rc3 Kd6 41. Rc1 Ra3 42. Kf2 Ra2+ 43. Kf3 Bb5 44. Rd1+ Kc7 45. Rc1+ Kd7 46. fxg5 hxg5 47. Rc5 Be2+ 48. Ke4 Bf1 49. Rxg5 Bxh3 50. Kf4 Bf1 51. Rf5 Bc4 52. Kg5 Ke7 53. e4 Ra4 54. e5 Bd3 55. Rf6 Ra5 56. Kf4 Bc4 57. Rc6 Be6 58. g5 Bd7 59. Rc4 Ke6 60. Rb4 Ke7 61. Ke4 Kd8 62. Rb6 1-0

[Event "CZE-chT2a 0405"]
[Site "Czech Republic"]
[Date "2005.02.06"]
[Round "7.2"]
[White "Hlavacek, Jiri"]
[Black "Ungr, Daniel"]
[Result "1-0"]
[WhiteElo "2225"]
[BlackElo "2143"]
[PlyCount "63"]
[EventDate "2004.10.17"]
[EventType "team"]
[EventRounds "11"]
[EventCountry "CZE"]
[SourceTitle "EXT 2007"]
[Source "ChessBase"]
[SourceDate "2006.11.23"]
[SourceVersion "1"]
[SourceVersionDate "2006.11.23"]
[SourceQuality "1"]
[WhiteTeam "Pribram"]
[BlackTeam "Habartov"]
[WhiteTeamCountry "CZE"]
[BlackTeamCountry "CZE"]

1. e4 e5 2. d4 exd4 3. Nf3 Nc6 4. c3 d5 5. exd5 Qxd5 6. cxd4 Bg4 7. Nc3 Bxf3 8. Nxd5 Bxd1 9. Nxc7+ Kd7 10. Nxa8 Bg4 11. d5 Nd4 12. f3 Bh5 13. Kd1 Bg6 14. Bd2 Bd6 15. Bc3 Be5 16. Bb5+ Nxb5 17. Bxe5 f6 18. a4 Ne7 19. axb5 Rxa8 20. Bd4 a6 21. bxa6 bxa6 22. Ra5 Bd3 23. Rc5 Kd6 24. Kd2 Bb5 25. Rhc1 Nxd5 26. Rc8 Rxc8 27. Rxc8 Ke6 28. g3 h6 29. Rg8 Kf7 30. Rd8 Ke6 31. f4 h5 32. f5+ 1-0

[Event "CZE-chT2J 0203"]
[Site "Czech Republic"]
[Date "2003.??.??"]
[Round "1"]
[White "Cedikova, Katerina"]
[Black "Ungr, Daniel"]
[Result "1-0"]
[WhiteElo "2184"]
[BlackElo "2154"]
[PlyCount "79"]
[EventDate "2002.10.??"]
[EventType "team"]
[EventRounds "11"]
[EventCountry "CZE"]
[SourceTitle "EXT 2007"]
[Source "ChessBase"]
[SourceDate "2006.11.23"]
[SourceVersion "1"]
[SourceVersionDate "2006.11.23"]
[SourceQuality "1"]

1. d4 d5 2. c4 dxc4 3. Nf3 Nf6 4. e3 a6 5. Bxc4 b5 6. Bd3 e6 7. 0-0 Nbd7 8. a4 b4 9. e4 Bb7 10. Nbd2 c5 11. e5 Nd5 12. Nc4 N5b6 13. Bg5 Qb8 14. Na5 Bd5 15. Rc1 b3 16. Qe2 Nxa4 17. Rfd1 h6 18. Bh4 Qb4 19. Nc4 cxd4 20. Be4 Nab6 21. Bxd5 Nxd5 22. Nxd4 Bc5 23. Nc6 Qb5 24. Rxd5 exd5 25. e6 0-0 26. exd7 Qxc6 27. Ne3 d4 28. Nf5 Qd5 29. Qg4 g6 30. Be7 Qxf5 31. Qxf5 gxf5 32. Rxc5 Rab8 33. Rd5 Rfd8 34. Rxd4 f6 35. Bxf6 Kf7 36. Bxd8 Rxd8 37. Kf1 Ke6 38. Ke2 Rxd7 39. Ra4 Rd6 40. Ke3 1-0

[Event "CZE-chT2J 0203"]
[Site "Czech Republic"]
[Date "2002.??.??"]
[Round "1"]
[White "Spal, Milan"]
[Black "Ungr, Daniel"]
[Result "1-0"]
[WhiteElo "2323"]
[BlackElo "2154"]
[PlyCount "53"]
[EventDate "2002.10.??"]
[EventType "team"]
[EventRounds "11"]
[EventCountry "CZE"]
[SourceTitle "EXT 2007"]
[Source "ChessBase"]
[SourceDate "2006.11.23"]
[SourceVersion "1"]
[SourceVersionDate "2006.11.23"]
[SourceQuality "1"]

1. e4 c5 2. f4 d5 3. Nc3 d4 4. Nce2 Nf6 5. Ng3 Qa5 6. Nf3 Nc6 7. a4 a6 8. Bc4 b5 9. axb5 Qxa1 10. bxc6 Bg4 11. 0-0 Qa4 12. d3 e6 13. Bb3 Qxc6 14. Ne5 Bxd1 15. Nxc6 Bg4 16. h3 Bh5 17. e5 Bg6 18. exf6 gxf6 19. f5 Bxf5 20. Nxf5 exf5 21. Ba4 Bd6 22. Nxd4+ Kd8 23. Nxf5 Be5 24. Be3 Rb8 25. b3 Rc8 26. Rd1 Kc7 27. Bxc5 1-0

[Event "Jirasek Memorial op-A"]
[Site "Rakovnik"]
[Date "2001.08.06"]
[Round "3"]
[White "Ungr, Daniel"]
[Black "Vlacil, Vladimir"]
[Result "0-1"]
[WhiteElo "2166"]
[BlackElo "2120"]
[PlyCount "83"]
[EventDate "2001.08.??"]
[EventType "swiss"]
[EventRounds "9"]
[EventCountry "CZE"]
[SourceTitle "EXT 2002"]
[Source "ChessBase"]
[SourceDate "2001.11.25"]
[SourceVersion "1"]
[SourceVersionDate "2001.11.25"]
[SourceQuality "1"]

1. d4 Nf6 2. Nf3 d5 3. g3 e6 4. Bg2 Be7 5. c4 dxc4 6. Ne5 0-0 7. 0-0 Nbd7 8. Nxc4 c5 9. e3 Rb8 10. Nc3 Nb6 11. Ne5 cxd4 12. exd4 Nbd5 13. Qb3 Qd6 14. Bd2 Bd7 15. Nxd5 Nxd5 16. Rfe1 Bc6 17. Rac1 Rbc8 18. a3 Rfe8 19. Qd3 Bf6 20. Ng4 Red8 21. Be4 h5 22. Ne5 Ne7 23. d5 Nxd5 24. Bh7+ Kf8 25. Nxf7 Kxf7 26. Qg6+ Kf8 27. Qxh5 Be8 28. Qh3 Bf7 29. Rcd1 Qc6 30. Be4 Qb5 31. Qh8+ Ke7 32. Qh3 Rh8 33. Qg4 Bh5 34. Qh3 Bxd1 35. Qg2 Be2 36. f4 Bd4+ 37. Kh1 Ne3 38. Bb4+ Kf6 39. Qxe2 Qxe2 40. Rxe2 Rc1+ 41. Re1 Rxe1+ 42. Bxe1 0-1

[Event "CZE-chTJ 0001"]
[Site "Czech Republic"]
[Date "2001.??.??"]
[Round "1"]
[White "Kriz, Lubos"]
[Black "Ungr, Daniel"]
[Result "0-1"]
[WhiteElo "2130"]
[BlackElo "2155"]
[PlyCount "106"]
[EventDate "2000.??.??"]
[EventType "team"]
[EventRounds "11"]
[EventCountry "CZE"]
[SourceTitle "EXT 2003"]
[Source "ChessBase"]
[SourceDate "2002.11.25"]
[SourceVersion "1"]
[SourceVersionDate "2002.11.25"]
[SourceQuality "1"]

1. c4 e5 2. Nc3 Nf6 3. g3 c6 4. d4 exd4 5. Qxd4 d5 6. Bg5 Be7 7. cxd5 cxd5 8. e4 Nc6 9. Bb5 0-0 10. Bxc6 bxc6 11. exd5 Nxd5 12. Bxe7 Qxe7+ 13. Kf1 Ba6+ 14. Kg2 Rad8 15. Nf3 c5 16. Nxd5 Qe6 17. Qxc5 Rxd5 18. Qxa7 Rd7 19. Qe3 Bb7 20. Rad1 Rxd1 21. Rxd1 Qxa2 22. Qb6 Qa8 23. Rd3 Rb8 24. Qe3 Be4 25. Rc3 h6 26. b3 Re8 27. g4 g5 28. h4 f5 29. hxg5 fxg4 30. Kg3 Bxf3 31. Qf4 Qd5 32. Rc7 hxg5 33. Qf6 Qe5+ 34. Qxe5 Rxe5 35. b4 Rb5 36. Ra7 Rxb4 37. Ra5 Kf7 38. Rxg5 Kf6 39. Ra5 Rb2 40. Rc5 Re2 41. Ra5 Re5 42. Ra4 Kf5 43. Rf4+ Ke6 44. Rd4 Rd5 45. Ra4 Ke5 46. Ra8 Kd4 47. Rh8 Kd3 48. Rh6 Ke2 49. Re6+ Kf1 50. Rh6 Rd3 51. Re6 Bd5+ 52. Re3 Rxe3+ 53. fxe3 Be6 0-1

[Event "CZE-chTJ 0001"]
[Site "Czech Republic"]
[Date "2001.??.??"]
[Round "1"]
[White "Lacina, Adolf"]
[Black "Ungr, Daniel"]
[Result "1-0"]
[WhiteElo "2245"]
[BlackElo "2155"]
[PlyCount "53"]
[EventDate "2000.??.??"]
[EventType "team"]
[EventRounds "11"]
[EventCountry "CZE"]
[SourceTitle "EXT 2003"]
[Source "ChessBase"]
[SourceDate "2002.11.25"]
[SourceVersion "1"]
[SourceVersionDate "2002.11.25"]
[SourceQuality "1"]

1. e4 c5 2. Nf3 d6 3. d4 cxd4 4. Nxd4 Nf6 5. Nc3 a6 6. Be2 e5 7. Nb3 Be7 8. 0-0 0-0 9. Be3 b5 10. Bd3 Bb7 11. f4 Nbd7 12. a3 Rc8 13. Qe2 d5 14. fxe5 Nxe5 15. Rad1 Nc4 16. Bxc4 bxc4 17. Nd4 Bc5 18. e5 Nd7 19. Nf5 Qc7 20. Bxc5 Qxc5+ 21. Kh1 d4 22. Na4 Qa5 23. Ne7+ Kh8 24. Nxc8 Rxc8 25. Rxf7 Qxa4 26. Qg4 g6 27. Qxd4 1-0

[Event "Schneider Bohemia op-A"]
[Site "Plzen"]
[Date "2000.??.??"]
[Round "?"]
[White "Grosse Honebrink, Brigitte"]
[Black "Ungr, Daniel"]
[Result "0-1"]
[WhiteElo "2005"]
[BlackElo "2155"]
[PlyCount "38"]
[EventDate "2000.??.??"]
[EventType "swiss"]
[EventRounds "9"]
[EventCountry "CZE"]
[SourceTitle "EXT 2003"]
[Source "ChessBase"]
[SourceDate "2002.11.25"]
[SourceVersion "1"]
[SourceVersionDate "2002.11.25"]
[SourceQuality "1"]

1. d4 Nf6 2. Nf3 g6 3. Bf4 Bg7 4. e3 0-0 5. h3 c5 6. c3 Qb6 7. Qb3 Qxb3 8. axb3 d6 9. dxc5 dxc5 10. Bxb8 Rxb8 11. Rxa7 Bf5 12. Nbd2 Ra8 13. Ra3 Ne4 14. Nc4 b5 15. Nce5 Rxa3 16. bxa3 Nxc3 17. Bd3 Rd8 18. Kd2 Bxd3 19. Kxc3 Be4 0-1

[Event "Schneider Bohemia op-A"]
[Site "Plzen"]
[Date "2000.??.??"]
[Round "?"]
[White "Houska, Bronislav"]
[Black "Ungr, Daniel"]
[Result "1/2-1/2"]
[WhiteElo "1960"]
[BlackElo "2155"]
[PlyCount "63"]
[EventDate "2000.??.??"]
[EventType "swiss"]
[EventRounds "9"]
[EventCountry "CZE"]
[SourceTitle "EXT 2003"]
[Source "ChessBase"]
[SourceDate "2002.11.25"]
[SourceVersion "1"]
[SourceVersionDate "2002.11.25"]
[SourceQuality "1"]

1. Nf3 Nf6 2. g3 g6 3. Bg2 Bg7 4. 0-0 0-0 5. c4 d5 6. cxd5 Nxd5 7. Nc3 Nc6 8. d4 Nb6 9. e3 a5 10. b3 a4 11. Nxa4 Nxa4 12. bxa4 Ra5 13. Bd2 Rh5 14. Rb1 Qd6 15. Rb5 e5 16. dxe5 Qe6 17. Nd4 Nxd4 18. exd4 b6 19. Qb3 Ba6 20. Qxe6 fxe6 21. g4 Rh6 22. Bxh6 Bxh6 23. Rd1 Bxb5 24. axb5 Bf4 25. Bc6 Rd8 26. h4 Bxe5 27. d5 exd5 28. Rxd5 Rxd5 29. Bxd5+ Kg7 30. Kg2 h6 31. Kf3 g5 32. h5 1/2-1/2

[Event "CZE-chTJ 0001"]
[Site "Czech Republic"]
[Date "2000.??.??"]
[Round "1"]
[White "Neuman, Petr"]
[Black "Ungr, Daniel"]
[Result "1-0"]
[WhiteElo "2330"]
[BlackElo "2155"]
[PlyCount "80"]
[EventDate "2000.??.??"]
[EventType "team"]
[EventRounds "11"]
[EventCountry "CZE"]
[SourceTitle "EXT 2003"]
[Source "ChessBase"]
[SourceDate "2002.11.25"]
[SourceVersion "1"]
[SourceVersionDate "2002.11.25"]
[SourceQuality "1"]

1. Nf3 Nf6 2. c4 g6 3. b4 Bg7 4. Bb2 0-0 5. g3 d5 6. c5 b6 7. Bg2 bxc5 8. bxc5 Nc6 9. 0-0 Rb8 10. Qc2 Bg4 11. d3 Qd7 12. Nbd2 Rfe8 13. Ne5 Rxb2 14. Qxb2 Nxe5 15. Qxe5 Ne4 16. Qf4 Nxd2 17. Qxd2 Bxa1 18. Rxa1 Rb8 19. Qc2 c6 20. Rb1 Qc7 21. e4 dxe4 22. Bxe4 Rxb1+ 23. Qxb1 e5 24. Qb4 Be6 25. a4 Bc8 26. h4 Ba6 27. d4 f5 28. Bc2 e4 29. Bb3+ Kg7 30. Qc3 Kh6 31. Qe3+ Kg7 32. d5 cxd5 33. Qd4+ Kh6 34. Bxd5 Qa5 35. Kg2 Qe1 36. Qe3+ Qxe3 37. fxe3 Bc8 38. Ba8 Kg7 39. c6 Kf6 40. Bb7 Be6 1-0

[Event "CZE-chTJ 0001"]
[Site "Czech Republic"]
[Date "2000.??.??"]
[Round "1"]
[White "Ungr, Daniel"]
[Black "Jacek, Martin"]
[Result "0-1"]
[WhiteElo "2155"]
[BlackElo "2180"]
[PlyCount "153"]
[EventDate "2000.??.??"]
[EventType "team"]
[EventRounds "11"]
[EventCountry "CZE"]
[SourceTitle "EXT 2002"]
[Source "ChessBase"]
[SourceDate "2001.11.25"]
[SourceVersion "1"]
[SourceVersionDate "2001.11.25"]
[SourceQuality "1"]

1. d4 g6 2. c4 Bg7 3. Nf3 d6 4. Nc3 Nd7 5. e4 e5 6. Be2 Ne7 7. 0-0 0-0 8. Bg5 h6 9. Bh4 g5 10. Bg3 Ng6 11. dxe5 Ndxe5 12. Nxe5 dxe5 13. Qxd8 Rxd8 14. Rfd1 Rd7 15. Rxd7 Bxd7 16. Rd1 Nf8 17. Nd5 c6 18. Ne3 Kh7 19. c5 Be6 20. Nc4 Nd7 21. b4 a5 22. bxa5 Nxc5 23. f3 f6 24. Be1 Bf8 25. Nb6 Re8 26. Bc4 Kg6 27. Kf1 f5 28. Bxe6 Nxe6 29. Nc4 fxe4 30. fxe4 Nc5 31. Bb4 Nxe4 32. Bxf8 Rxf8+ 33. Ke1 Kf5 34. Rd7 Nc5 35. Rh7 Rf6 36. Re7 Re6 37. Ne3+ Kf6 38. Rh7 Kg6 39. Rc7 e4 40. Ke2 Re5 41. a6 Nxa6 42. Rxb7 Ra5 43. Rb2 Ra4 44. Rd2 Nb4 45. Rd6+ Kf7 46. Nf5 h5 47. h4 gxh4 48. Nxh4 Rxa2+ 49. Ke3 Nd5+ 50. Kd4 Ra4+ 51. Ke5 Ne7 52. Rf6+ Ke8 53. Re6 Kd7 54. Rd6+ Kc7 55. Rd4 Ra5+ 56. Kxe4 Rg5 57. Kf3 Nd5 58. g4 c5 59. Rc4 Kc6 60. gxh5 Kb5 61. Rg4 Rxh5 62. Ng2 c4 63. Ke2 Kb4 64. Rh4 Re5+ 65. Kd2 Kb3 66. Rh8 c3+ 67. Kd1 c2+ 68. Kc1 Rg5 69. Ne1 Rg1 70. Rh3+ Kc4 71. Kxc2 Rxe1 72. Rh4+ Kc5 73. Kd2 Ra1 74. Rh5 Ra2+ 75. Kd3 Ra4 76. Rg5 Rd4+ 77. Ke2 0-1

[Event "Schneider Bohemia op-A"]
[Site "Plzen"]
[Date "2000.??.??"]
[Round "?"]
[White "Ungr, Daniel"]
[Black "Racek, Jiri"]
[Result "0-1"]
[WhiteElo "2155"]
[BlackElo "2130"]
[PlyCount "76"]
[EventDate "2000.??.??"]
[EventType "swiss"]
[EventRounds "9"]
[EventCountry "CZE"]
[SourceTitle "EXT 2003"]
[Source "ChessBase"]
[SourceDate "2002.11.25"]
[SourceVersion "1"]
[SourceVersionDate "2002.11.25"]
[SourceQuality "1"]

1. d4 Nf6 2. Nf3 g6 3. c4 Bg7 4. Nc3 0-0 5. e4 d6 6. Be2 e5 7. 0-0 Nc6 8. d5 Ne7 9. b4 a5 10. Ba3 Nd7 11. Nd2 f5 12. bxa5 Rxa5 13. Bb4 Ra8 14. a4 Nc5 15. Bxc5 dxc5 16. Nb3 b6 17. a5 fxe4 18. Nxe4 Nf5 19. Bg4 Nd4 20. Nxd4 exd4 21. Bxc8 Rxc8 22. axb6 cxb6 23. Qg4 b5 24. Ng5 bxc4 25. Qe6+ Kh8 26. Nf7+ Rxf7 27. Qxf7 Rc7 28. Qe6 d3 29. d6 Rc6 30. Ra7 Rxd6 31. Qxc4 d2 32. Rd1 Qe8 33. g3 Bd4 34. Kg2 Rf6 35. Rxd2 Qe4+ 36. Kf1 Qh1+ 37. Ke2 Rxf2+ 38. Kd3 Qf1+ 0-1